| 000 | 00582nam a2200169 a 4500 | ||
|---|---|---|---|
| 008 | 120416s1972 ||||||||||||||||| || u | ||
| 050 | _aHF 5415 Ris | ||
| 100 | _aRisley, George | ||
| 245 | 1 | 0 | _aModern industrial marketing |
| 260 |
_aNew York _bMcGraw-Hill _c(1972) |
||
| 300 | _axiv, 363p. | ||
| 350 | _a0.00 | ||
| 650 | 0 | _aMARKETING--MANAGEMENT--CASE STUDIES | |
| 650 | _aIndustrial marketing | ||
| 650 | 0 | _aMARKETING | |
| 995 |
_D0.00 _FCBU-MAIN LIBRARY (Kitwe) _H1 _I0.00 _M1 _UAVAILABLE _ZMain Library Open Access Collection |
||
| 999 |
_c51466 _d51466 |
||